[Event "Harrogate 4NCL op-B 31st"]
[Site "Harrogate"]
[Date "2024.01.20"]
[Round "2"]
[White "Howorth, James"]
[Black "Webb, Nicholas"]
[Result "1-0"]
[WhiteElo "1691"]
[BlackElo "1837"]
[PlyCount "101"]
[EventDate "2024.01.19"]
[EventType "swiss"]
[EventRounds "5"]
[EventCountry "ENG"]
[SourceTitle "CB06_2024"]
[SourceDate "2024.02.07"]
[SourceVersion "1"]
[SourceVersionDate "2024.02.07"]
[SourceQuality "1"]

1. e4 c5 2. Nf3 Nc6 3. d4 cxd4 4. Nxd4 Nf6 5. Nc3 d6 6. Be3 a6 7. Qd2 e6 8. 0-0-0 Be7 9. f3 Bd7 10. g4 h6 11. Kb1 b5 12. a3 Rb8 13. g5 hxg5 14. Bxg5 b4 15. Nxc6 Bxc6 16. axb4 Rxb4 17. Bxf6 gxf6 18. Nd5 Rb8 19. Nxe7 Kxe7 20. Bxa6 Rh3 21. Be2 Qc7 22. Qd4 Ra8 23. Rd3 Ra4 24. Qc3 Qa7 25. b3 Qb6 26. Rhd1 d5 27. exd5 Bxd5 28. Re3 Ra5 29. Bc4 Rc5 30. Rxd5 Rxc4 31. Qxc4 Qxe3 32. Qc5+ Qxc5 33. Rxc5 Rxh2 34. Rc7+ Kd6 35. Rxf7 Ke5 36. Rc7 Rf2 37. Rc3 f5 38. b4 Kd5 39. b5 Rg2 40. Kb2 Rg8 41. Kb3 Rb8 42. Rd3+ Kc5 43. c4 Ra8 44. Re3 Re8 45. Re5+ Kd4 46. f4 Rc8 47. Kb4 Rxc4+ 48. Ka5 Rc8 49. b6 Ra8+ 50. Kb5 Rb8 51. Kc6 1-0